[Event "España Tch-Primera Division Sur"]
[Site "Santa Cruz de Tenerife ESP"]
[Date "2006.08.26"]
[Round "5"]
[White "Todorcevic, Miodrag"]
[Black "Gonzalez Marrero, Jacobo"]
[Result "1-0"]
[WhiteElo "2459"]
[BlackElo "2303"]
[PlyCount "95"]
[EventDate "2006.08.23"]
[EventType "team"]
[EventRounds "2"]
[EventCountry "ESP"]
[Source "lmi"]
[SourceDate "2006.08.23"]
[WhiteTeam "C.A. EL SAUZAL - RTE MARTINEZ"]
[BlackTeam "C.A AKFUR BUBAQUE COTELEC"]

1. c4 Nf6 2. Nc3 e5 3. g3 Nc6 4. Bg2 Bc5 5. e3 d6 6. Nge2 O-O 7. O-O a6 8. d3
Bd7 9. a3 Rb8 10. b4 Ba7 11. b5 axb5 12. Nxb5 Bb6 13. a4 Qc8 14. Bd2 Bh3 15. a5
Bxg2 16. Kxg2 Bc5 17. Rb1 d5 18. cxd5 Nxd5 19. Qa4 Be7 20. Rfc1 Ra8 21. Qc4 Rd8
22. Ra1 Ra6 23. Ra4 Qd7 24. h3 Rda8 25. Rca1 h5 26. Be1 Rd8 27. Ng1 Bf6 28. Ne2
Rda8 29. R1a2 Na7 30. Nbc3 Nxc3 31. Nxc3 Rd8 32. Ne4 Be7 33. Bb4 b5 34. axb6
Rxa4 35. Rxa4 cxb6 36. Bxe7 Qxe7 37. Qa6 Nc8 38. h4 Qd7 39. Ra3 Qd5 40. Kh2 Qe6
41. Rc3 Qd7 42. Ng5 Qf5 43. Kg2 Qd7 44. e4 f6 45. Qc4+ Kh8 46. Nf7+ Kh7 47.
Nxd8 Qxd8 48. Qxc8 1-0

[Event "España Tch-Primera Division Sur"]
[Site "Santa Cruz de Tenerife ESP"]
[Date "2006.08.24"]
[Round "3"]
[White "Gurevich, Mikhail"]
[Black "Vega Gutierrez, Sabrina Neide"]
[Result "1-0"]
[WhiteElo "2643"]
[BlackElo "2282"]
[PlyCount "43"]
[EventDate "2006.08.23"]
[EventType "team"]
[EventRounds "2"]
[EventCountry "ESP"]
[Source "lmi"]
[SourceDate "2006.08.23"]
[WhiteTeam "C.A. CAJA INSULAR DE AHORROS DE CANARIAS"]
[BlackTeam "CLUB AJEDREZ ANAND"]

1. d4 d5 2. c4 e6 3. Nf3 c6 4. Qc2 dxc4 5. Qxc4 Nf6 6. Bg5 Be7 7. Nbd2 b6 8. e4
Ba6 9. Qc2 Bxf1 10. Nxf1 O-O 11. Ng3 Na6 12. O-O Qc7 13. Qe2 Qb7 14. d5 c5 15.
Rad1 h6 16. Bxf6 Bxf6 17. Nh5 Bd8 18. dxe6 fxe6 19. Ne5 Bf6 20. Rd7 Qb8 21. Ng4
Bd4 22. e5 1-0

[Event "España Tch-Primera Division Sur"]
[Site "Santa Cruz de Tenerife ESP"]
[Date "2006.08.24"]
[Round "3"]
[White "Vega Gutierrez, Belinda Vidina"]
[Black "Areshchenko, Alexander"]
[Result "0-1"]
[WhiteElo "2207"]
[BlackElo "2641"]
[PlyCount "82"]
[EventDate "2006.08.23"]
[EventType "team"]
[EventRounds "2"]
[EventCountry "ESP"]
[Source "lmi"]
[SourceDate "2006.08.23"]
[WhiteTeam "CLUB AJEDREZ ANAND"]
[BlackTeam "C.A. CAJA INSULAR DE AHORROS DE CANARIAS"]

1. e4 c5 2. Nf3 d6 3. d4 cxd4 4. Nxd4 Nf6 5. Nc3 a6 6. f3 e5 7. Nb3 Be6 8. Be3
Nbd7 9. Qd2 h5 10. O-O-O Rc8 11. Bd3 Be7 12. h3 h4 13. f4 b5 14. f5 Bc4 15. Kb1
Qc7 16. Qf2 b4 17. Nd5 Bxd5 18. exd5 Nxd5 19. Bxa6 Nxe3 20. Bxc8 Nxd1 21. Bxd7+
Qxd7 22. Rxd1 O-O 23. Qf3 Rc8 24. Qe4 Qb5 25. Nc1 Qc4 26. Qxc4 Rxc4 27. Nd3 g6
28. fxg6 f5 29. Rf1 f4 30. Re1 Kg7 31. a3 bxa3 32. bxa3 Bf6 33. Re2 Kxg6 34.
Ka2 Kf5 35. Kb3 d5 36. Nb4 Rc5 37. Rd2 d4 38. a4 e4 39. a5 Rxa5 40. Nc6 e3 41.
Rd1 Rc5 0-1

[Event "España Tch-Primera Division Sur"]
[Site "Santa Cruz de Tenerife ESP"]
[Date "2006.08.24"]
[Round "3"]
[White "Garcia Padron, Jose"]
[Black "Camino Carrio, Nicanor"]
[Result "1-0"]
[WhiteElo "2403"]
[BlackElo "2141"]
[PlyCount "109"]
[EventDate "2006.08.23"]
[EventType "team"]
[EventRounds "2"]
[EventCountry "ESP"]
[Source "lmi"]
[SourceDate "2006.08.23"]
[WhiteTeam "C.A. CAJA INSULAR DE AHORROS DE CANARIAS"]
[BlackTeam "CLUB AJEDREZ ANAND"]

1. e4 c5 2. Nf3 d6 3. Nc3 Nf6 4. g3 g6 5. Bg2 Bg7 6. O-O O-O 7. d3 Nc6 8. h3 e5
9. Ne2 d5 10. Nd2 dxe4 11. dxe4 b6 12. Re1 Be6 13. Kh2 Qc7 14. c3 Rad8 15. Qc2
Nh5 16. Ng1 f5 17. Ngf3 Qe7 18. Nf1 f4 19. g4 Nf6 20. N1d2 Rd6 21. Bf1 h5 22.
g5 Nh7 23. h4 Bg4 24. Bc4+ Kh8 25. Kg2 Rfd8 26. Bd5 Qd7 27. Nh2 Nf8 28. f3 Bh3+
29. Kh1 Qc7 30. b3 Ne7 31. c4 Nc6 32. Bb2 Ne6 33. a3 Ned4 34. Qd3 a6 35. Rec1
Bc8 36. Bc3 Qd7 37. Qf1 a5 38. Rab1 Bb7 39. b4 axb4 40. axb4 cxb4 41. Bxb4 Nxb4
42. Rxb4 Bf8 43. Rb2 Rxd5 44. cxd5 Ba3 45. Rxb6 Bxc1 46. Qxc1 Ne2 47. Qb2 Re8
48. Rxb7 Qh3 49. Nc4 Ng3+ 50. Kg1 Nxe4 51. fxe4 f3 52. Qf2 Ra8 53. Ne3 Ra1+ 54.
Nef1 Qc8 55. Qb2 1-0

[Event "España Tch-Primera Division Sur"]
[Site "Santa Cruz de Tenerife ESP"]
[Date "2006.08.24"]
[Round "3"]
[White "Garcia Blanco, Omar"]
[Black "Lezcano Jaen, Pedro"]
[Result "0-1"]
[WhiteElo "2018"]
[BlackElo "2376"]
[PlyCount "76"]
[EventDate "2006.08.23"]
[EventType "team"]
[EventRounds "2"]
[EventCountry "ESP"]
[Source "lmi"]
[SourceDate "2006.08.23"]
[WhiteTeam "CLUB AJEDREZ ANAND"]
[BlackTeam "C.A. CAJA INSULAR DE AHORROS DE CANARIAS"]

1. e4 d6 2. d4 Nf6 3. Nc3 e5 4. Nf3 Nbd7 5. Bc4 Be7 6. O-O O-O 7. Bg5 c6 8. a3
b5 9. Bb3 Bb7 10. Bxf6 Bxf6 11. d5 Nb6 12. dxc6 Bxc6 13. Bd5 Qc8 14. Qd3 Nxd5
15. Nxd5 Bxd5 16. Qxd5 Qxc2 17. b4 Rac8 18. Rfd1 Qc6 19. h3 Be7 20. Nh2 a6 21.
Nf1 Qxd5 22. Rxd5 f5 23. exf5 Rxf5 24. Ng3 Rf4 25. f3 Rfc4 26. Nf5 Rc1+ 27. Kh2
Kf8 28. Rxc1 Rxc1 29. Nxd6 Rc3 30. Nf5 Rxa3 31. Nxe7 Kxe7 32. Rxe5+ Kd6 33. Re8
a5 34. bxa5 b4 35. Rb8 Kc5 36. Rb7 Rxa5 37. Rxg7 b3 38. Rxh7 b2 0-1

[Event "España Tch-Primera Division Sur"]
[Site "Santa Cruz de Tenerife ESP"]
[Date "2006.08.24"]
[Round "3"]
[White "Fernandez Gutierrez, Rafael"]
[Black "Garcia Gata, Jorge David"]
[Result "1-0"]
[WhiteElo "2218"]
[BlackElo "2060"]
[PlyCount "61"]
[EventDate "2006.08.23"]
[EventType "team"]
[EventRounds "2"]
[EventCountry "ESP"]
[Source "lmi"]
[SourceDate "2006.08.23"]
[WhiteTeam "C.A. CAJAGRANADA"]
[BlackTeam "CLUB AJEDREZ PARQUE SUR"]

1. c4 c5 2. b3 Nc6 3. Bb2 e5 4. g3 Nge7 5. Bg2 d5 6. cxd5 Nxd5 7. d3 Be7 8. Nf3
Bf6 9. Nbd2 O-O 10. O-O Be6 11. Rc1 b6 12. Ne4 Rc8 13. Qd2 Nd4 14. Rfd1 Nb4 15.
Bc3 Nbc6 16. e3 Nxf3+ 17. Bxf3 Be7 18. Qe2 f5 19. Nd2 Bg5 20. Nc4 Bxc4 21. dxc4
Qe7 22. Bd5+ Kh8 23. Bxc6 Rxc6 24. Rd5 Bf6 25. Rcd1 Rc7 26. Qc2 g6 27. Qd2 Rf7
28. Rd6 Kg7 29. Qd5 Kh6 30. Re6 Qd7 31. Qxd7 1-0

[Event "España Tch-Primera Division Sur"]
[Site "Santa Cruz de Tenerife ESP"]
[Date "2006.08.24"]
[Round "3"]
[White "Campayo Hernandez, Juan"]
[Black "Pertiñez Soria, Juan Luis"]
[Result "0-1"]
[WhiteElo "2079"]
[BlackElo "2170"]
[PlyCount "160"]
[EventDate "2006.08.23"]
[EventType "team"]
[EventRounds "2"]
[EventCountry "ESP"]
[Source "lmi"]
[SourceDate "2006.08.23"]
[WhiteTeam "CLUB AJEDREZ PARQUE SUR"]
[BlackTeam "C.A. CAJAGRANADA"]

1. c4 Nf6 2. g3 e6 3. Bg2 d5 4. Nf3 Be7 5. O-O O-O 6. b3 c5 7. cxd5 exd5 8. d4
b6 9. Nc3 Bb7 10. dxc5 bxc5 11. e3 Re8 12. Bb2 Nbd7 13. Qc2 Qb6 14. Rfd1 Rad8
15. Rac1 Bc6 16. Ne2 Qa6 17. Nf4 Bf8 18. Ne1 Qb7 19. Ba3 Rc8 20. Qd3 c4 21.
bxc4 dxc4 22. Qc3 Bxg2 23. Nexg2 Ne4 24. Qb2 Qxb2 25. Bxb2 Ne5 26. Ne1 Bb4 27.
Bxe5 Rxe5 28. Nf3 Rec5 29. Nd5 Rb5 30. Rd4 f5 31. Rdxc4 Rxc4 32. Rxc4 Bc5 33.
Rc2 Ra5 34. Nd2 Nxd2 35. Rxd2 Kf7 36. h4 h6 37. Kg2 g5 38. hxg5 hxg5 39. Rc2
Bd6 40. Nc3 Rc5 41. Rc1 Ra5 42. Rc2 Rc5 43. Rd2 Ke6 44. Ne2 Ra5 45. Nd4+ Kd7
46. g4 fxg4 47. e4 Bf4 48. Re2 Re5 49. Nf5 Re6 50. f3 gxf3+ 51. Kxf3 Ra6 52.
Kg4 Ra5 53. Nd4 a6 54. Nf3 Ke6 55. Nd4+ Kf6 56. Nf3 Ra4 57. Ng1 Ra3 58. Nf3 Ra4
59. Ng1 Rc4 60. Nf3 a5 61. Kh3 a4 62. Kg2 g4 63. Ne1 Rc3 64. Kf1 Ke5 65. Ng2
Bg5 66. Ne1 Bh4 67. Nc2 Bg5 68. Kg2 Bf4 69. Kf1 Rc4 70. Ne1 Rd4 71. Rg2 Rd2 72.
Rxg4 Rxa2 73. Nd3+ Kxe4 74. Rxf4+ Kxd3 75. Rf8 a3 76. Rd8+ Kc2 77. Rc8+ Kb1 78.
Ke1 Rc2 79. Ra8 a2 80. Kd1 Rb2 0-1

[Event "España Tch-Primera Division Sur"]
[Site "Santa Cruz de Tenerife ESP"]
[Date "2006.08.24"]
[Round "3"]
[White "Cuesta Bustos, Raul"]
[Black "Tierraseca Montero, Pablo"]
[Result "1/2-1/2"]
[WhiteElo "2165"]
[BlackElo "2082"]
[PlyCount "159"]
[EventDate "2006.08.23"]
[EventType "team"]
[EventRounds "2"]
[EventCountry "ESP"]
[Source "lmi"]
[SourceDate "2006.08.23"]
[WhiteTeam "C.A. GRANADA"]
[BlackTeam "CLUB AJEDREZ PARQUE SUR"]

1. e4 c5 2. d4 cxd4 3. c3 d3 4. Bxd3 d6 5. c4 g6 6. Nc3 Bg7 7. h3 Nf6 8. Nf3
O-O 9. O-O Nc6 10. Qe2 a6 11. Bg5 Be6 12. Rfd1 h6 13. Be3 Nd7 14. Nd5 Rc8 15.
Qd2 Kh7 16. Rac1 Bxd5 17. exd5 Nce5 18. Nxe5 Nxe5 19. Be2 g5 20. Qb4 Qd7 21. c5
f5 22. Bd4 dxc5 23. Bxc5 Bf6 24. Rd2 b5 25. Re1 a5 26. Qa3 Ra8 27. Bxb5 Qxb5
28. Bxe7 Nc4 29. Qd3 Bg7 30. Bxf8 Rxf8 31. Rc1 Nd6 32. Qxb5 Nxb5 33. Rc5 Nd6
34. Re2 Ne4 35. Rxa5 Rc8 36. Ra7 Kg6 37. Re7 Bd4 38. g4 Nf6 39. gxf5+ Kxf5 40.
d6 Rd8 41. b4 Rxd6 42. Rb7 Nh5 43. Rc2 Nf4 44. b5 Nxh3+ 45. Kf1 Nf4 46. Rc6 Rd8
47. Rf7+ Kg4 48. Rc1 h5 49. a4 Ra8 50. Rc4 Bb6 51. Rf6 Ba5 52. Ra6 Rd8 53. Rc1
Bb4 54. b6 h4 55. b7 Rb8 56. Rb6 h3 57. Rxb4 h2 58. Rxf4+ gxf4 59. Kg2 Rxb7 60.
Kxh2 Kf3 61. Kg1 Ra7 62. Ra1 Ra5 63. Ra3+ Ke2 64. Ra2+ Kf3 65. Kf1 Ke4 66. Ra3
Kd4 67. Ke2 Ke4 68. f3+ Kd4 69. Kf2 Kc4 70. Kg2 Kb4 71. Ra1 Rg5+ 72. Kf2 Ra5
73. Ke2 Re5+ 74. Kd2 Ka5 75. Ra3 Kb4 76. Rd3 Kc4 77. Rc3+ Kb4 78. Rd3 Kc4 79.
Rc3+ Kb4 80. Rd3 1/2-1/2

[Event "España Tch-Primera Division Sur"]
[Site "Santa Cruz de Tenerife ESP"]
[Date "2006.08.24"]
[Round "3"]
[White "Benitez Fernandez, Martin"]
[Black "Cabrera Ruiz, Luis"]
[Result "0-1"]
[WhiteElo "2090"]
[BlackElo "2029"]
[PlyCount "104"]
[EventDate "2006.08.23"]
[EventType "team"]
[EventRounds "2"]
[EventCountry "ESP"]
[Source "lmi"]
[SourceDate "2006.08.23"]
[WhiteTeam "CLUB AJEDREZ PARQUE SUR"]
[BlackTeam "C.A. CAJAGRANADA"]

1. e4 c5 2. Nf3 Nc6 3. d3 e6 4. g3 d5 5. Nbd2 Nge7 6. Bg2 Qc7 7. O-O b6 8. Re1
Bb7 9. a4 O-O-O 10. exd5 Nxd5 11. Nc4 h6 12. Qe2 g5 13. c3 Bg7 14. Bd2 Rhe8 15.
Rac1 g4 16. Nfe5 Nxe5 17. Nxe5 Bxe5 18. Qxe5 Qxe5 19. Rxe5 Nf6 20. d4 Bxg2 21.
Kxg2 Rd5 22. Rxd5 exd5 23. dxc5 bxc5 24. Bxh6 Re2 25. b4 c4 26. Be3 a6 27. a5
Kb7 28. Kf1 Rb2 29. Rd1 Kc6 30. Rd2 Rb3 31. Rc2 Ne4 32. Bd4 Rb1+ 33. Ke2 Ng5
34. f4 Ne4 35. Bh8 f6 36. Bg7 Rh1 37. Ke3 Rf1 38. Ke2 Rf2+ 39. Kd1 Rf3 40. Kc1
Nxc3 41. Bxf6 Ne4 42. Be5 Kb5 43. Rb2 c3 44. Re2 Kc4 45. Kc2 Rf1 46. h4 gxh3
47. g4 Rf2 48. Rxf2 Nxf2 49. f5 Nxg4 50. Bf4 d4 51. Bd6 d3+ 52. Kc1 d2+ 0-1

[Event "España Tch-Primera Division Sur"]
[Site "Santa Cruz de Tenerife ESP"]
[Date "2006.08.24"]
[Round "3"]
[White "Ramos Aguilar, Jose Manuel"]
[Black "Blanco Sanjuan, Jorge"]
[Result "1/2-1/2"]
[WhiteElo "2253"]
[BlackElo "2134"]
[PlyCount "85"]
[EventDate "2006.08.23"]
[EventType "team"]
[EventRounds "2"]
[EventCountry "ESP"]
[Source "lmi"]
[SourceDate "2006.08.23"]
[WhiteTeam "C.A. EBANO"]
[BlackTeam "C.A. NEW - CHESS MADRID"]

1. d4 Nf6 2. c4 c5 3. d5 b5 4. cxb5 a6 5. bxa6 Bxa6 6. Nc3 g6 7. g3 d6 8. Bg2
Bg7 9. Nf3 O-O 10. O-O Nbd7 11. Qc2 Qa5 12. Rd1 Rfb8 13. Rb1 Ng4 14. Bd2 Nge5
15. Nxe5 Nxe5 16. b3 Qc7 17. a4 Qa7 18. h3 Rb7 19. Kh2 f5 20. f4 Nd7 21. e4
fxe4 22. Qxe4 Nf6 23. Qe6+ Kh8 24. Bf1 Rb4 25. Re1 Bxf1 26. Rxf1 Qb7 27. f5 Rd4
28. Bg5 Qb4 29. Rf3 gxf5 30. Qxf5 Rf8 31. Bxf6 Rd2+ 32. Kh1 Bxf6 33. Rbf1 Bg7
34. Qe6 Rg8 35. Ne4 Re2 36. Ng5 Be5 37. Nf7+ Kg7 38. Nxe5 Rxe5 39. Rf4 Rxe6 40.
Rxb4 Re3 41. Rb7 Rxg3 42. Rxe7+ Kh8 43. Kh2 1/2-1/2

[Event "España Tch-Primera Division Sur"]
[Site "Santa Cruz de Tenerife ESP"]
[Date "2006.08.24"]
[Round "3"]
[White "Spitzer Isbert, Ramon"]
[Black "Martin Luis, Cesar"]
[Result "0-1"]
[WhiteElo "2128"]
[BlackElo "2246"]
[PlyCount "100"]
[EventDate "2006.08.23"]
[EventType "team"]
[EventRounds "2"]
[EventCountry "ESP"]
[Source "lmi"]
[SourceDate "2006.08.23"]
[WhiteTeam "C.A. NEW - CHESS MADRID"]
[BlackTeam "C.A. EBANO"]

1. Nf3 Nf6 2. c4 e6 3. d4 b6 4. g3 Ba6 5. Qc2 Bb7 6. Bg2 c5 7. d5 exd5 8. cxd5
Bxd5 9. Nc3 Bc6 10. Bf4 d6 11. O-O-O Qc7 12. e4 Nbd7 13. e5 Nxe5 14. Bxe5 dxe5
15. Rhe1 Be7 16. Nxe5 Bxg2 17. Nb5 Qb7 18. Ng6 hxg6 19. Nd6+ Kf8 20. Nxb7 Bxb7
21. Qa4 Bd5 22. g4 Rh4 23. h3 Be6 24. Rd3 c4 25. Rf3 Bd5 26. Rfe3 Bc5 27. Re5
Bxf2 28. Rf1 Bd4 29. Rxd5 Nxd5 30. Qd7 Be3+ 31. Kc2 Nf6 32. Qd6+ Kg8 33. Rf3
Re8 34. Qc7 a5 35. Qxc4 g5 36. a3 Bf4 37. Rd3 Re2+ 38. Kb1 Re8 39. Ka2 g6 40.
Qc6 Re6 41. Rd8+ Kg7 42. Qf3 Rh8 43. Rd3 Rhe8 44. Qb7 R8e7 45. Qc8 Rc7 46. Qa8
Rc2 47. Rd8 Ree2 48. Kb3 Rxb2+ 49. Kc4 Rec2+ 50. Kd3 Rc5 0-1

[Event "España Tch-Primera Division Sur"]
[Site "Santa Cruz de Tenerife ESP"]
[Date "2006.08.24"]
[Round "3"]
[White "Marquez Abreu, Carlos"]
[Black "Montolio Benedicto, Cesar"]
[Result "0-1"]
[WhiteElo "1970"]
[BlackElo "2067"]
[PlyCount "82"]
[EventDate "2006.08.23"]
[EventType "team"]
[EventRounds "2"]
[EventCountry "ESP"]
[Source "lmi"]
[SourceDate "2006.08.23"]
[WhiteTeam "C.A. EBANO"]
[BlackTeam "C.A. NEW - CHESS MADRID"]

1. Nf3 Nf6 2. d4 g6 3. c4 Bg7 4. Nc3 O-O 5. Bf4 Nh5 6. Bg5 f5 7. Bd2 Nf6 8. e3
d6 9. Be2 c5 10. O-O Re8 11. d5 Na6 12. Qc2 Nc7 13. Rad1 Bd7 14. Bd3 a6 15. e4
fxe4 16. Nxe4 Nxe4 17. Bxe4 b5 18. Bg5 bxc4 19. Bxg6 hxg6 20. Qxg6 Rf8 21. Bh6
Ne8 22. Ng5 Bf5 23. Qh5 Nf6 24. Qh4 Bxh6 25. Qxh6 Nh7 26. Ne6 Bxe6 27. Qxe6+
Kh8 28. Rfe1 Rb8 29. Rd2 Rf6 30. Qh3 Qf8 31. Rde2 Rb7 32. Qc3 Qg7 33. Qxc4 Rf7
34. b3 Ng5 35. Kf1 Rb4 36. Qxa6 Rbf4 37. Qd3 Qf6 38. f3 Nxf3 39. Rf2 Nxe1 40.
Qh3+ Kg7 41. Qg3+ Kf8 0-1

[Event "España Tch-Primera Division Sur"]
[Site "Santa Cruz de Tenerife ESP"]
[Date "2006.08.24"]
[Round "3"]
[White "Guerrero Arroyo, Pedro"]
[Black "De la Cruz Sanchez, C Gustavo"]
[Result "1/2-1/2"]
[WhiteElo "2097"]
[BlackElo "2249"]
[PlyCount "50"]
[EventDate "2006.08.23"]
[EventType "team"]
[EventRounds "2"]
[EventCountry "ESP"]
[Source "lmi"]
[SourceDate "2006.08.23"]
[WhiteTeam "C. AGRUPACION AJEDREZ RUY LOPEZ"]
[BlackTeam "C.A. ISLA BONITA - CAJACANARIAS"]

1. e4 e6 2. d3 c5 3. g3 d6 4. Bg2 g6 5. f4 Bg7 6. Nf3 Ne7 7. O-O O-O 8. c3 Nbc6
9. Be3 Rb8 10. Qe1 b6 11. Na3 Ba6 12. Rd1 b5 13. e5 Qc7 14. exd6 Qxd6 15. Ng5
Qc7 16. Bxc5 b4 17. Nc4 bxc3 18. Bd6 Qd7 19. Bxb8 c2 20. Rd2 Rxb8 21. Kh1 Nb4
22. Ne5 Qc7 23. Nexf7 Rb6 24. Nxe6 Rxe6 25. Qxe6 c1=Q 1/2-1/2

[Event "España Tch-Primera Division Sur"]
[Site "Santa Cruz de Tenerife ESP"]
[Date "2006.08.24"]
[Round "3"]
[White "Garcia De La Banda, Francisco"]
[Black "Perez Candelario, Matias"]
[Result "1-0"]
[WhiteElo "2200"]
[BlackElo "2063"]
[PlyCount "69"]
[EventDate "2006.08.23"]
[EventType "team"]
[EventRounds "2"]
[EventCountry "ESP"]
[Source "lmi"]
[SourceDate "2006.08.23"]
[WhiteTeam "C.A. ISLA BONITA - CAJACANARIAS"]
[BlackTeam "C. AGRUPACION AJEDREZ RUY LOPEZ"]

1. b3 e5 2. Bb2 Nc6 3. e3 d5 4. Bb5 Bd6 5. f4 f6 6. fxe5 fxe5 7. Nf3 Qe7 8.
Bxc6+ bxc6 9. Nxe5 Qh4+ 10. g3 Bxe5 11. gxh4 Bxb2 12. Nc3 Bxa1 13. Qxa1 Nf6 14.
O-O Ba6 15. Rf4 O-O 16. Na4 Ne4 17. d3 Rxf4 18. exf4 Nf6 19. Nc5 Bc8 20. Qe5
Bg4 21. f5 Re8 22. Ne6 Re7 23. Kg2 Bd1 24. c4 Bh5 25. h3 Bf7 26. Qd4 Bxe6 27.
fxe6 a6 28. Qa7 Rxe6 29. Qxa6 Rd6 30. Qc8+ Kf7 31. Qxc7+ Ke6 32. c5 Rd7 33.
Qxc6+ Ke7 34. b4 d4 35. b5 1-0

[Event "España Tch-Primera Division Sur"]
[Site "Santa Cruz de Tenerife ESP"]
[Date "2006.08.24"]
[Round "3"]
[White "Guerrero Arroyo, Jorge"]
[Black "Hernandez Leon, Alberto"]
[Result "1-0"]
[WhiteElo "1816"]
[BlackElo "2249"]
[PlyCount "117"]
[EventDate "2006.08.23"]
[EventType "team"]
[EventRounds "2"]
[EventCountry "ESP"]
[Source "lmi"]
[SourceDate "2006.08.23"]
[WhiteTeam "C. AGRUPACION AJEDREZ RUY LOPEZ"]
[BlackTeam "C.A. ISLA BONITA - CAJACANARIAS"]

1. e4 c5 2. Nc3 d6 3. f4 Nc6 4. Nf3 g6 5. g3 Bg7 6. Bg2 e5 7. d3 Nge7 8. O-O
Bg4 9. Nd5 O-O 10. c3 Nxd5 11. exd5 Ne7 12. h3 Bxf3 13. Qxf3 exf4 14. Bxf4 Qb6
15. Qf2 Qa6 16. Qf3 b5 17. a3 Rad8 18. g4 Nc8 19. Rae1 Qa4 20. Qe3 b4 21. axb4
cxb4 22. d4 Nb6 23. Bh6 Nc4 24. Qf4 Nxb2 25. Bxg7 Kxg7 26. cxb4 Nd3 27. Qf6+
Kg8 28. Re7 Rd7 29. h4 Rxe7 30. Qxe7 Qxb4 31. Qxa7 Qd2 32. Qe7 Nf4 33. Rf2 Qxd4
34. Qxd6 Nd3 35. Qf6 Qxf2+ 36. Qxf2 Nxf2 37. Kxf2 Rd8 38. Ke3 Kf8 39. Kf4 Ke7
40. Kg5 Rb8 41. h5 Rb3 42. Be4 Re3 43. Bg2 f6+ 44. Kf4 Re5 45. hxg6 hxg6 46.
Be4 g5+ 47. Ke3 Kd6 48. Kd4 Re7 49. Bf5 Ra7 50. Be6 Ra4+ 51. Ke3 Ke5 52. Kd3
Rb4 53. Kc3 Rd4 54. Kc2 Ra4 55. Kd3 Ra7 56. Kc4 Rc7+ 57. Kd3 Ra7 58. Kc4 Ra5
59. Kc3 1-0

[Event "España Tch-Primera Division Sur"]
[Site "Santa Cruz de Tenerife ESP"]
[Date "2006.08.24"]
[Round "3"]
[White "Majul Martinez, Isolina"]
[Black "Crespo Ramos, Maria"]
[Result "1-0"]
[WhiteElo "2104"]
[BlackElo "1619"]
[PlyCount "71"]
[EventDate "2006.08.23"]
[EventType "team"]
[EventRounds "2"]
[EventCountry "ESP"]
[Source "lmi"]
[SourceDate "2006.08.23"]
[WhiteTeam "C.A. ISLA BONITA - CAJACANARIAS"]
[BlackTeam "C. AGRUPACION AJEDREZ RUY LOPEZ"]

1. d4 d5 2. Nf3 Nf6 3. Bg5 e6 4. e3 Be7 5. Bd3 O-O 6. Nbd2 Nbd7 7. O-O b6 8.
Ne5 Nxe5 9. dxe5 Nd7 10. Bxe7 Qxe7 11. f4 Bb7 12. c3 Rfd8 13. Nf3 Nc5 14. Bxh7+
Kxh7 15. Ng5+ Kg8 16. Qh5 Qd7 17. f5 exf5 18. Qh7+ Kf8 19. Rxf5 Re8 20. Qh8+
Ke7 21. Rxf7+ Kd8 22. Rxd7+ Kxd7 23. Qxg7+ Re7 24. Qf6 Rae8 25. Nf3 Nd3 26.
Qf5+ Kd8 27. Qxd3 Rg7 28. Re1 Reg8 29. Re2 Kc8 30. Qf5+ Kb8 31. g3 Bc8 32. e6
c6 33. e4 dxe4 34. Qxe4 c5 35. e7 Rxe7 36. Qxe7 1-0

[Event "España Tch-Primera Division Sur"]
[Site "Santa Cruz de Tenerife ESP"]
[Date "2006.08.24"]
[Round "3"]
[White "Muñoz Navarro, Alberto"]
[Black "Jimenez Villena, Francisco Jose"]
[Result "0-1"]
[WhiteElo "2185"]
[BlackElo "2255"]
[PlyCount "88"]
[EventDate "2006.08.23"]
[EventType "team"]
[EventRounds "2"]
[EventCountry "ESP"]
[Source "lmi"]
[SourceDate "2006.08.23"]
[WhiteTeam "C. DEPORTIVO AJEDREZ LAPUERTA"]
[BlackTeam " C.A. TOTANA"]

1. e4 g6 2. d4 Bg7 3. c4 d6 4. Nc3 e5 5. dxe5 dxe5 6. Qxd8+ Kxd8 7. Be3 c6 8.
O-O-O+ Ke8 9. f3 Bh6 10. Bxh6 Nxh6 11. Nge2 Na6 12. Ng3 Be6 13. Be2 Ke7 14. Rd2
Rhd8 15. Rhd1 Rxd2 16. Rxd2 f6 17. Nf1 Nf7 18. Ne3 Rd8 19. Rxd8 Nxd8 20. g3 Bg8
21. Kd2 Ne6 22. Nc2 Nd4 23. b3 Kd6 24. Bd1 b6 25. Ke3 Nxc2+ 26. Bxc2 Nc5 27.
Bd1 a5 28. h4 Ne6 29. Na4 b5 30. cxb5 cxb5 31. Nb2 Nd4 32. f4 b4 33. fxe5+ fxe5
34. Kd3 Kc5 35. Na4+ Kc6 36. Bg4 h5 37. Be2 Nxb3 38. axb3 Bxb3 39. Nb2 a4 40.
Nc4 Kb5 41. Nxe5 a3 42. Kd2+ Kc5 43. Kc1 Kd4 44. Nxg6 Kc3 0-1

[Event "España Tch-Primera Division Sur"]
[Site "Santa Cruz de Tenerife ESP"]
[Date "2006.08.24"]
[Round "3"]
[White "Ibarra Jerez, Juan Miguel"]
[Black "Sanchez Jerez, Emilio"]
[Result "1-0"]
[WhiteElo "2163"]
[BlackElo "2062"]
[PlyCount "59"]
[EventDate "2006.08.23"]
[EventType "team"]
[EventRounds "2"]
[EventCountry "ESP"]
[Source "lmi"]
[SourceDate "2006.08.23"]
[WhiteTeam "C.A. TOTANA"]
[BlackTeam "C. DEPORTIVO AJEDREZ LAPUERTA"]

1. e4 e5 2. Nf3 Nc6 3. Bb5 a6 4. Ba4 Nf6 5. O-O b5 6. Bb3 Be7 7. Re1 O-O 8. a4
b4 9. d3 d6 10. Nbd2 Na5 11. Ba2 c5 12. c3 Rb8 13. Nc4 Nc6 14. h3 h6 15. Be3
Nh7 16. d4 bxc3 17. bxc3 exd4 18. cxd4 Ng5 19. dxc5 dxc5 20. Nxg5 hxg5 21. Qh5
Nd4 22. Ne5 Nb3 23. Rab1 Qc7 24. Nxf7 c4 25. Nh6+ gxh6 26. Qg6+ Kh8 27. Qxh6+
Kg8 28. Qg6+ Kh8 29. Bxb3 Bf6 30. Bxc4 1-0

[Event "España Tch-Primera Division Sur"]
[Site "Santa Cruz de Tenerife ESP"]
[Date "2006.08.24"]
[Round "3"]
[White "Ojaos Peñalver, Abel"]
[Black "Garre Murcia, Pedro"]
[Result "0-1"]
[WhiteElo "2030"]
[BlackElo "2189"]
[PlyCount "84"]
[EventDate "2006.08.23"]
[EventType "team"]
[EventRounds "2"]
[EventCountry "ESP"]
[Source "lmi"]
[SourceDate "2006.08.23"]
[WhiteTeam "C. DEPORTIVO AJEDREZ LAPUERTA"]
[BlackTeam "C.A. TOTANA"]

1. d4 Nf6 2. Bg5 Ne4 3. Bf4 c5 4. c3 Qb6 5. Qc1 d5 6. Nf3 Nc6 7. e3 Bg4 8. Be2
Rc8 9. Nbd2 Nf6 10. h3 Bh5 11. O-O e6 12. Re1 Be7 13. a3 O-O 14. Bd3 Rfd8 15.
Rb1 Re8 16. Bh2 a5 17. a4 Nd7 18. Ra1 Bf6 19. Qb1 Nf8 20. dxc5 Qxc5 21. e4 Red8
22. Bf4 Qb6 23. e5 Be7 24. Be3 Qc7 25. Bd4 b6 26. Qa2 Bc5 27. Rac1 Qb8 28. Qb3
Bxd4 29. cxd4 Nb4 30. Bb1 Rc7 31. Rc3 Rdc8 32. Rec1 Qb7 33. Ne1 Be2 34. Nc2
Rxc3 35. bxc3 Nd3 36. Rf1 Bxf1 37. Nxf1 Nc1 38. Qb2 Ne2+ 39. Kh1 Nxc3 40. Na3
Nxa4 41. Qb3 Nc3 42. Bd3 b5 0-1

[Event "España Tch-Primera Division Sur"]
[Site "Santa Cruz de Tenerife ESP"]
[Date "2006.08.24"]
[Round "3"]
[White "Perez Merlos, Ramon"]
[Black "Alcaraz Pacheco, Ivan"]
[Result "1-0"]
[WhiteElo "2137"]
[BlackElo "1967"]
[PlyCount "87"]
[EventDate "2006.08.23"]
[EventType "team"]
[EventRounds "2"]
[EventCountry "ESP"]
[Source "lmi"]
[SourceDate "2006.08.23"]
[WhiteTeam "C.A. TOTANA"]
[BlackTeam "C. DEPORTIVO AJEDREZ LAPUERTA"]

1. d4 d5 2. c4 c6 3. Nf3 Nf6 4. Nc3 a6 5. e3 Bf5 6. Bd3 Bg6 7. O-O e6 8. Ne5
Nbd7 9. f4 Be7 10. c5 O-O 11. b4 Bxd3 12. Qxd3 Nxe5 13. fxe5 Nd7 14. e4 b5 15.
exd5 exd5 16. a4 Re8 17. axb5 axb5 18. Rxa8 Qxa8 19. Qf5 Nf8 20. Qxf7+ Kh8 21.
Ne2 Ng6 22. Nf4 Nxf4 23. Bxf4 Qd8 24. Rf3 Rf8 25. Qe6 Qe8 26. Be3 Rxf3 27. gxf3
Qg6+ 28. Qxg6 hxg6 29. f4 Kg8 30. Kg2 Kf7 31. Kh3 Ke6 32. Kg4 Bd8 33. Bf2 Be7
34. Bh4 Bf8 35. Bd8 Kd7 36. Bg5 Ke6 37. h4 Kf7 38. Bd8 Ke8 39. Bc7 Be7 40. Bd6
Bd8 41. h5 gxh5+ 42. Kxh5 Kf7 43. f5 Kg8 44. Kg6 1-0